Normal view
MARC view
Entry Geographic Name
001 - CONTROL NUMBER
- control field: 18524
003 - CONTROL NUMBER IDENTIFIER
- control field: BD-DhEWU
005 - DATE AND TIME OF LATEST TRANSACTION
- control field: 20140909163012.0
008 - FIXED-LENGTH DATA ELEMENTS
- fixed length control field: 140909|| aca||aabn | a|a d
040 ## - CATALOGING SOURCE
- Original cataloging agency: BD-DhEWU
- Transcribing agency: BD-DhEWU
151 ## - HEADING--GEOGRAPHIC NAME
- Geographic name: Bangladesh
670 ## - SOURCE DATA FOUND
- Source citation: Work cat.: (BD-DhEWU)3090: আইন, বিচার ও সংসদ বিষয়ক মন্ত্রণালয় 18523, গণপ্রজাতন্ত্রী বাংলাদেশের সংবিধান /, c1998.